000 00698nam a22002177a 4500
003 UA-OsUOA
001 102628
007 ta
008 20130926b un ||||| |||| 00| 0 ukr d
100 _aВінник Т.А.
090 _a330(477)
_bВ55
942 _cSA
040 _aUA-OsUOA
_bukr
_cUA-OsUOA
_dUA-OsUOA
245 _aЗбалансування складових фінансової політики на сучасному етапі розвитку України
300 _aС.23-30
955 _a0
041 _aukr
080 _a330(477)
773 0 _w102625
_tЕкономіка. Фінанси. Право.
_dК.
_d2013
_g9
650 7 _a330 Економіка взагалі
_2UDC
999 _c388927
_d388927